Normal view MARC view
  • JAIN ,DR. S.K .,MINIYAR, DR. P.B.,AND NARGUND,DR. L.V.G

Entry Personal Name

Number of records used in: 1

001 - CONTROL NUMBER

  • control field: 8359

003 - CONTROL NUMBER IDENTIFIER

  • control field: JRU

005 - DATE AND TIME OF LATEST TRANSACTION

  • control field: 20240109150131.0

008 - FIXED-LENGTH DATA ELEMENTS

  • fixed length control field: 240109|| aca||aabn | a|a d

040 ## - CATALOGING SOURCE

  • Original cataloging agency: JRU
  • Transcribing agency: JRU

100 ## - HEADING--PERSONAL NAME

  • Personal name: JAIN ,DR. S.K .,MINIYAR, DR. P.B.,AND NARGUND,DR. L.V.G

670 ## - SOURCE DATA FOUND

  • Source citation: Work cat.: (JRU)5923: JAIN ,DR. S.K .,MINIYAR, DR. P.B.,AND NARGUND,DR. L.V.G, A TEXTBOOK OF PHARMACEUTICAL ORGANIC CHEMISTRY - II